Normal view
MARC view
- شبة الجزيرة العربية-جغرافية
Entry Topical Term
001 - CONTROL NUMBER
- control field: 39141
003 - CONTROL NUMBER IDENTIFIER
- control field: JO-AjAnu
005 - DATE AND TIME OF LATEST TRANSACTION
- control field: 20230606080519.0
008 - FIXED-LENGTH DATA ELEMENTS
- fixed length control field: 230606|| aca||aabn | a|a d
040 ## - CATALOGING SOURCE
- Original cataloging agency: JO-AjAnu
- Transcribing agency: JO-AjAnu
150 ## - HEADING--TOPICAL TERM
- Topical term or geographic name entry element: شبة الجزيرة العربية-جغرافية
670 ## - SOURCE DATA FOUND
- Source citation: Work cat.: (JO-AjAnu)20073: أبو العلا، محمود طه, author 39140, جغرافية شبة الجزيرة العربية: دراسة جغرافية عامة، الجزء الأول